| 000 | 00685nam a2200205 i 4500 | ||
|---|---|---|---|
| 001 | 62421 | ||
| 003 | ES-MaACL | ||
| 005 | 20250924165401.0 | ||
| 007 | t| | ||
| 008 | 031120s1961 sp ||||1| spa d | ||
| 100 | 1 |
_aFernández, Pelayo H. _9176611 |
|
| 245 | 1 | 0 |
_aMiguel de Unamuno y William James _b: un paralelo pragmático / _cPelayo H. Fernández. |
| 260 |
_aSalamanca : _b[s.n., _c1961] ( _fGráf. Librería Cervantes) |
||
| 300 |
_a137 p. ; _c25 cm. |
||
| 600 | 1 | 4 |
_aUnamuno, Miguel de, _d1864-1936- _xCrítica e interpretación _9111984 |
| 600 | 1 | 4 |
_aJames, William, _d1842-1910 _965978 |
| 852 |
_aES-MaACL _jC-21952 |
||
| 852 |
_aES-MaACL _jC-55926 |
||
| 999 |
_c62421 _d62421 |
||